00594nam a2200193Ia 450000500170000000800410001702000150005808200170007310000160009024500790010626000270018530000130021265000100022565000280023565000170026394200060028095200990028699900150038520240821060552.0240331s9999 xx 000 0 und d a9071198057 bMARa613.042 aWolffers, I 0aMarketing fertility :bwomen, menstruation and the pharmaceutical industry aAmsterdambWEMOSc1989 a56 P .,  aWomen aPharmaceutical Industry aMenstruation cL 001040708LaWERCLbWERCLcSSCd2024-03-31l0o 613.042 MARp3613r2024-03-31w2024-03-31yL c3044d3044